000 00522nam a2200133Ia 4500
005 20260209120152.0
008 260209s9999||||xx |||||||||||||| ||und||
100 _aNivas Gokul M
245 0 _aBias in artificial intelligence decision making : causes, societal implications and legal remedies
260 _aBangaloreBangalore
_bNLSIU, Bangalore
_c2024 - 2025
300 _a34 p. ; 25 cm.
700 _aMr. Karthik Suresh - SupervisorMr. Karthik Suresh - Supervisor
856 _uhttps://dans.nls.ac.in/handle/123456789/2434
999 _c217748
_d217748